[Event "Biel Credis"]
[Site "Biel"]
[Date "1996.??.??"]
[Round "1"]
[White "Landenbergue, Claude"]
[Black "Sutovskij, Emil"]
[Result "1/2-1/2"]
[WhiteElo "2410"]
[BlackElo "2565"]

1.e4 c5 2.Nf3 d6 3.d4 cxd4 4.Nxd4 Nf6 5.Nc3 a6 6.Be3 e6 7.g4 h6 8.Qf3 Nbd7
9.Rg1 g5 10.O-O-O Ne5 11.Qe2 Bd7 12.h4 Rg8 13.hxg5 hxg5 14.Nf3 Rc8 15.Nxe5 dxe5
16.Qd3 Bb4 17.Bd2 Qb6 18.Be2 Bc6 19.Bf3 Bc5 20.Rh1 Bxf2 21.Rh6 Rd8 22.Qe2 Ke7
23.Kb1 Bd4 24.Rf1 Rh8 25.Rxh8 Rxh8 26.Bg2 Nd7 27.Bxg5+ f6 28.Bd2 Nc5 29.g5 fxg5
30.Qg4 Kd7 31.Qxg5 Kc8 32.Qg3 Nxe4 33.Bxe4 Bxe4 34.Qg7 Rd8 35.Rf8 Bxc3 36.Bxc3 Qd6
37.Rxd8+ Qxd8 38.Kc1 Bf3  1/2-1/2

[Event "Biel op MTO"]
[Site "Biel"]
[Date "1996.??.??"]
[Round "7"]
[White "Vehi Bach, Victor Manuel"]
[Black "Sotnikov, Igor"]
[Result "0-1"]
[WhiteElo "2365"]
[BlackElo "2445"]

1.e4 c5 2.Nf3 d6 3.d4 cxd4 4.Nxd4 Nf6 5.Nc3 a6 6.Be3 Ng4 7.Bg5 h6 8.Bh4 g5
9.Bg3 Bg7 10.Be2 h5 11.h4 gxh4 12.Rxh4 Nc6 13.Nb3 Be6 14.Qd2 Qb6 15.Nd5 Bxd5
16.exd5 Nce5 17.O-O-O Ng6 18.Rhh1 Bh6 19.f4 Qe3 20.Rh3 Nxf4 21.Bxf4 Qxf4
22.Rxh5 Qxd2+ 23.Nxd2 Bxd2+ 24.Rxd2 Rxh5 25.Bxg4 Rh1+ 26.Bd1 Kd7 27.c3 e5
28.dxe6+ fxe6 29.Kc2 Rf8 30.Bf3 b6 31.Rd4 d5 32.Kd3 b5 33.a4 Ra1 34.axb5 axb5
35.Rh4 Kd6 36.Rh7 Rb8 37.Rf7 Ra2  0-1

[Event "Bled op"]
[Site "Bled"]
[Date "1996.??.??"]
[Round "2"]
[White "Palac, Mladen"]
[Black "Soln, Primoz"]
[Result "1-0"]
[WhiteElo "2545"]
[BlackElo "2340"]

1.e4 c5 2.Nf3 d6 3.d4 cxd4 4.Nxd4 Nf6 5.Nc3 a6 6.Be3 e6 7.g4 h6 8.f4 d5 9.e5 Nfd7
10.Qd2 Nc6 11.O-O-O Qc7 12.Bd3 g5 13.Nf3 gxf4 14.Bxf4 Ndxe5 15.Nxe5 Nxe5
16.Nxd5 exd5 17.Bxe5 Bd6 18.Bxh8 Bf4 19.Rhe1+ Be6 20.Re3 d4 21.Bxd4 O-O-O
22.Bf5 Bxf5 23.gxf5  1-0

[Event "Slovan op"]
[Site "Bratislava"]
[Date "1996.??.??"]
[Round "6"]
[White "Vavrak, Peter"]
[Black "Vlcek, Stanislav"]
[Result "1/2-1/2"]
[WhiteElo "2110"]
[BlackElo "2110"]

1.e4 c5 2.Nf3 d6 3.d4 cxd4 4.Nxd4 Nf6 5.Nc3 a6 6.Be3 e6 7.f3 b5 8.Qd2 Nbd7
9.g4 h6 10.O-O-O Bb7 11.h4 b4 12.Nce2 d5 13.exd5 Nxd5 14.Nf4 N7f6 15.Bd3 Qa5
16.Kb1 O-O-O 17.Nb3 Qc7 18.Nxd5 Nxd5 19.Qe2 Nxe3 20.Qxe3 Kb8 21.Be4 Be7 22.Bxb7 Kxb7
23.Rd4 Qb6 24.Qe4+ Ka7 25.Rhd1 Qb7 26.Qe3 Ka8 27.Na5 Rxd4 28.Rxd4 Qb5 29.Qe4+ Ka7
30.Nc6+ Kb6 31.Rc4 Qd5 32.b3 Qxe4 33.fxe4 Bxh4 34.Nxb4 h5 35.gxh5 Rxh5 36.Rc8 a5
37.Nd3 Bf6 38.c4 Rh1+ 39.Kc2 Rh2+ 40.Kc1 Rxa2 41.c5+ Kb7 42.Rf8 Bg5+ 43.Kb1 Rd2
44.Rxf7+ Kc6 45.Rxg7 Rxd3 46.Rxg5 Rxb3+ 47.Kc2 Rb5 48.Rg6 Rxc5+ 49.Kd3 Kd6
50.Kd4 a4 51.Rg7 Ra5 52.e5+ Rxe5 53.Ra7 Rh5 54.Ra6+ Ke7 55.Rxa4 Rh4+ 56.Ke5 Rh5+
57.Ke4 Kf6 58.Ra8  1/2-1/2

[Event "GER-chT Federal Cup (Women)"]
[Site "Braunfels"]
[Date "1996.??.??"]
[Round "?"]
[White "Ludwig, Kristin"]
[Black "Dengler, Dijana"]
[Result "0-1"]
[WhiteElo "2065"]
[BlackElo "2130"]

1.e4 c5 2.Nf3 d6 3.d4 cxd4 4.Nxd4 Nf6 5.Nc3 a6 6.Be3 e5 7.Nb3 Be6 8.Be2 Be7
9.O-O O-O 10.f4 exf4 11.Bxf4 Nc6 12.Kh1 Rc8 13.Be3 Ne5 14.Nd4 Bd7 15.Nf5 Bxf5
16.Rxf5 Qc7 17.Rf1 b5 18.Bd4 Qc6 19.Bxe5 dxe5 20.Bd3 Rcd8 21.a3 Bc5 22.Qf3 Qe6
23.h3 Bd4 24.Nd1 Rd6 25.c3 Bb6 26.Bb1 Qd7 27.Ba2 Rd3 28.Qf5 Nxe4 29.Qxe4 Rxh3+  0-1

[Event "GER-chT Federal Cup (Women)"]
[Site "Braunfels"]
[Date "1996.??.??"]
[Round "?"]
[White "Borulia, Ekaterina"]
[Black "Meissner, Claudia"]
[Result "1-0"]
[WhiteElo "2360"]
[BlackElo "2105"]

1.e4 c5 2.Nf3 d6 3.d4 cxd4 4.Nxd4 Nf6 5.Nc3 a6 6.Be3 e5 7.Nb3 Be7 8.f3 Be6
9.Qd2 Qc7 10.O-O-O O-O 11.g4 Nc6 12.Nd5 Bxd5 13.exd5 Nd4 14.Nxd4 exd4 15.Qxd4 Rfc8
16.Bd3 Nd7 17.g5 Nc5 18.Bf5 Re8 19.Bd2 Bf8 20.Bc3 b5 21.Qh4 g6 22.Qd4 Re5
23.f4 b4 24.fxe5 bxc3 25.Bg4 cxb2+ 26.Kb1 Qa5 27.e6 fxe6 28.dxe6 Rb8 29.Qd5 Be7
30.Rhf1 Qd8 31.Qd4 Bxg5 32.Rf7 Bh6 33.e7 Qe8 34.Rdf1 Qxf7 35.Rxf7 Kxf7 36.Qxd6 Re8
37.Qd5+ Kxe7 38.Qxc5+ Kf7 39.Qd5+ Kf8 40.Kxb2 Bg7+ 41.c3  1-0

[Event "Bucharest"]
[Site "Bucharest"]
[Date "1996.??.??"]
[Round "?"]
[White "Nevednichy, Vladislav"]
[Black "Suba, Mihai"]
[Result "*"]
[WhiteElo "2505"]
[BlackElo "2565"]

1.e4 c5 2.Nf3 d6 3.d4 cxd4 4.Nxd4 Nf6 5.Nc3 a6 6.Be3 e6 7.g4 b5 8.g5 Nfd7
9.a3 Qc7 10.f4 Nc6 11.Nxc6 Qxc6 12.Qd4 e5 13.Qd2 exf4 14.Bxf4 Ne5 15.O-O-O Be6
16.Nd5 Rc8 17.Kb1 Be7 18.h4  *

[Event "Budapest FS12 IM"]
[Site "Budapest"]
[Date "1996.??.??"]
[Round "1"]
[White "Horvath, Adam"]
[Black "Rodriguez Lopez, Rafael"]
[Result "1-0"]
[WhiteElo "2250"]
[BlackElo "2410"]

1.e4 c5 2.Nf3 d6 3.d4 cxd4 4.Nxd4 Nf6 5.Nc3 a6 6.Be3 e6 7.f3 b5 8.g4 Bb7
9.Qd2 Qa5 10.h4 Nc6 11.Nb3 Qc7 12.O-O-O Ne5 13.g5 Nfd7 14.f4 Ng4 15.Rg1 Nxe3
16.Qxe3 b4 17.Nd5 exd5 18.exd5+ Be7 19.Bh3 Nb6 20.f5 Rc8 21.Nd4 Nxd5 22.Qb3 Rd8
23.g6 Bf6 24.Bg2 Bxd4 25.Rxd4 Nf6 26.Qxf7+ Qxf7 27.gxf7+ Kxf7 28.Bxb7 a5
29.Bd5+ Kf8 30.Be6 h5 31.Rc4 Ne8 32.Rc6 Rh6 33.Kd2 Rf6 34.Ke3 Ke7 35.Ra6 Rb8
36.Ra7+ Kf8 37.Rg6 Rb5 38.Rxf6+ Nxf6 39.Rf7+ Ke8 40.Rxg7 Re5+ 41.Kf4 Re2
42.Kg5 Ne4+ 43.Kxh5 Rxc2 44.Rg1 Ke7 45.Bb3 Re2 46.Kg6 Nf6 47.h5 d5 48.h6 d4
49.Bc4 Re3 50.Rg2 d3 51.Bxd3 Nd5 52.Kg7 Rxd3 53.h7 Rh3 54.h8=Q Rxh8 55.Re2+  1-0

[Event "Budapest FS08 GM"]
[Site "Budapest"]
[Date "1996.??.??"]
[Round "2"]
[White "Arnold, Lothar"]
[Black "Dao Thien Hai"]
[Result "1/2-1/2"]
[WhiteElo "2375"]
[BlackElo "2535"]

1.e4 c5 2.Nf3 d6 3.d4 cxd4 4.Nxd4 Nf6 5.Nc3 a6 6.Be3 e6 7.a4 Qc7 8.f4 Be7
9.Be2 b6 10.O-O Bb7 11.Bf3 Nbd7 12.Qe1 O-O 13.Qg3 Rad8 14.Rae1 Nc5 15.e5 dxe5
16.fxe5 Nfe4 17.Nxe4 Nxe4 18.Bxe4 Bxe4 19.c3 Bg6 20.Bg5 Rd5 21.Bxe7 Qxe7
22.Rf4 b5 23.axb5 axb5 24.b4 Rc8 25.Re3 Rc4 26.h4 h5 27.Kh2  1/2-1/2

[Event "Budapest FS03 GM"]
[Site "Budapest"]
[Date "1996.??.??"]
[Round "3"]
[White "Tolnai, Tibor"]
[Black "Namgilov, Sogto"]
[Result "1-0"]
[WhiteElo "2450"]
[BlackElo "2425"]

1.e4 c5 2.Nf3 d6 3.d4 cxd4 4.Nxd4 Nf6 5.Nc3 a6 6.Be3 e6 7.g4 h6 8.Qe2 b5
9.Bg2 Bb7 10.a3 Nbd7 11.h4 h5 12.g5 Ng4 13.g6 Nxe3 14.Qxe3 Qf6 15.gxf7+ Qxf7
16.Bh3 Rh6 17.O-O-O Ne5 18.Kb1 O-O-O 19.Qxh6  1-0

[Event "Spring op"]
[Site "Budapest"]
[Date "1996.??.??"]
[Round "6"]
[White "Czebe, Attila"]
[Black "Dao Thien Hai"]
[Result "1/2-1/2"]
[WhiteElo "2325"]
[BlackElo "2560"]

1.e4 c5 2.Nf3 d6 3.d4 cxd4 4.Nxd4 Nf6 5.Nc3 a6 6.Be3 e6 7.f4 Qc7 8.Qf3 b5
9.Bd3 Bb7 10.a3 Nbd7 11.g4 h6 12.O-O-O Nc5 13.Kb1 d5 14.e5 Nfe4 15.Bxe4 dxe4
16.Qe2 Be7 17.h4 Nd7 18.g5 hxg5 19.hxg5 Rxh1 20.Rxh1 g6 21.f5 exf5 22.e6 fxe6
23.Nxe6 Qe5 24.Nf4 Nf8 25.Rh6 Kf7 26.Nxg6 Nxg6 27.Qh5 Rg8 28.Ne2 Qd6 29.Nf4 Bf8
30.Nxg6 Rxg6 31.Bc5 Bxh6 32.Bxd6 Bg7 33.Bf4 Bc6 34.Qh3 Bd7 35.Qe3 Kg8 36.Qa7 Be6
37.Qb7 Kh7 38.Kc1 Bg8 39.Qc8 Re6 40.Be3 Bf7 41.c3 Kg6 42.Qc5  1/2-1/2

[Event "Budapest FS12 IM"]
[Site "Budapest"]
[Date "1996.??.??"]
[Round "10"]
[White "Czebe, Attila"]
[Black "Rodriguez Lopez, Rafael"]
[Result "1-0"]
[WhiteElo "2345"]
[BlackElo "2410"]

1.e4 c5 2.Nf3 d6 3.d4 cxd4 4.Nxd4 Nf6 5.Nc3 a6 6.Be3 e5 7.Nb3 Be7 8.f3 Be6
9.Qd2 O-O 10.O-O-O a5 11.Bb5 Nc6 12.g4 Qb8 13.Kb1 Rc8 14.g5 Ne8 15.Na4 Nc7
16.Bxc6 bxc6 17.Nb6 a4 18.Nxc8 Bxc8 19.Nc1 d5 20.Nd3 Ne6 21.f4 d4 22.Nxe5 dxe3
23.Qxe3 Qb5 24.c4 Qb7 25.h4 f6 26.Nd3 a3 27.Rh2 axb2 28.Rxb2 Qa6 29.f5 Qxc4
30.fxe6 Bxe6 31.Nc1 f5 32.exf5 Bxf5+ 33.Ka1 Ba3 34.Rbd2 Be6 35.Rd8+ Rxd8
36.Rxd8+ Bf8 37.Rd4 Bc5 38.Rxc4 Bxe3 39.Re4 Bxc1 40.Rxe6 c5 41.a4 Kf7 42.Rc6  1-0

[Event "Buenos Aires op"]
[Site "Buenos Aires"]
[Date "1996.??.??"]
[Round "?"]
[White "Milos, Gilberto"]
[Black "Saldano, Horacio"]
[Result "0-1"]
[WhiteElo "2565"]
[BlackElo "2320"]

1.e4 c5 2.Nf3 d6 3.d4 cxd4 4.Nxd4 Nf6 5.Nc3 a6 6.Be3 e5 7.Nb3 Be6 8.Qd2 Be7
9.f3 O-O 10.O-O-O a5 11.Bb5 Nc6 12.Kb1 Na7 13.Be2 Nc8 14.Qe1 a4 15.Nc5 a3
16.b3 Qc7 17.Nxe6 fxe6 18.Bc4 d5 19.exd5 Nd6 20.Nb5 Nxb5 21.Bxb5 exd5 22.c4 d4
23.Bc1 Qc5 24.Qe2 Bd6 25.Rhe1 Ne8 26.Qe4 Nc7 27.Qxb7 Rfb8 28.Qc6 Nxb5 29.cxb5 Rc8
30.Qxc5 Rxc5 31.Bd2 Rxb5 32.Kc2 Kf7 33.Kd3 Ke6 34.Ke4 Rc8 35.Rc1 Rbc5 36.Rxc5 Rxc5
37.Rc1 Rb5 38.Rc6 Kd7 39.Ra6 Rb7 40.Kd5 Rc7 41.b4 Rb7 42.Rxa3  0-1

[Event "Calcutta op"]
[Site "Calcutta"]
[Date "1996.??.??"]
[Round "11"]
[White "Singh, Gurpreetpal"]
[Black "Das, Dipanjan"]
[Result "1-0"]
[WhiteElo "2265"]
[BlackElo "2160"]

1.e4 c5 2.Nf3 d6 3.d4 cxd4 4.Nxd4 Nf6 5.Nc3 a6 6.Be3 e5 7.Nb3 Be7 8.f3 Be6
9.Qd2 Nbd7 10.g4 h6 11.h4 b5 12.O-O-O b4 13.Nd5 Bxd5 14.exd5 a5 15.Kb1 a4
16.Nc1 Ra5 17.Bc4 Qc7 18.Qxb4 O-O 19.Bb5 a3 20.Nb3 Raa8 21.g5 Nh5 22.Qg4 Nb6
23.Qxh5 axb2 24.Bxb6 Qxb6 25.Bc6 Qa6 26.a4 Rfc8 27.Qg4  1-0

[Event "Cannes op"]
[Site "Cannes"]
[Date "1996.??.??"]
[Round "2"]
[White "Khachian, Melikset"]
[Black "Palac, Mladen"]
[Result "1-0"]
[WhiteElo "2440"]
[BlackElo "2545"]

1.e4 c5 2.Nf3 d6 3.d4 cxd4 4.Nxd4 Nf6 5.Nc3 a6 6.Be3 e6 7.f4 b5 8.Bd3 Bb7
9.Qf3 Nbd7 10.g4 Nc5 11.g5 Nfd7 12.O-O-O b4 13.Nce2 Qc7 14.Kb1 g6 15.h4 Bg7
16.h5 Rg8 17.hxg6 hxg6 18.Bc1 O-O-O 19.Qe3 Kb8 20.Rh7 e5 21.Nb3 exf4 22.Nxf4 Rde8
23.Qd2 Rc8 24.Nd5 Bxd5 25.exd5 Nxd3 26.Qxd3 Ne5 27.Qe2 Nc4 28.Nd4 Bxd4 29.Rxd4 a5
30.Rhh4 Ne5 31.a3 Rge8 32.axb4 Nf3 33.Rde4 Nxh4 34.Rxe8 Nf5 35.Qb5+ Qb7 36.Rxc8+ Kxc8
37.Qe8+  1-0

[Event "Cannes Martinez op"]
[Site "Cannes"]
[Date "1996.??.??"]
[Round "2"]
[White "Sereno, Philippe"]
[Black "Touzane, Olivier"]
[Result "1/2-1/2"]
[WhiteElo "2150"]
[BlackElo "2495"]

1.e4 c5 2.Nf3 d6 3.d4 cxd4 4.Nxd4 Nf6 5.Nc3 a6 6.Be3 e6 7.g4 h6 8.f4 e5 9.Nf5 g6
10.Qf3 gxf5 11.exf5 exf4 12.Bxf4 Nc6 13.O-O-O Qa5 14.Bc4 Ne5 15.Rhe1 Be7
16.Qg3 Nfd7 17.f6 Bxf6 18.Rxd6 Kf8 19.Rxf6 Nxc4 20.Bd6+ Kg7 21.Rxf7+ Kxf7
22.Qf4+ Nf6 23.Qxc4+ Kg7 24.Re7+ Kg6 25.h4 Bxg4 26.Qf7+ Kf5 27.Qe6+  1/2-1/2

[Event "Cappelle op"]
[Site "Cappelle la Grande "]
[Date "1996.??.??"]
[Round "8"]
[White "Beulen, Marcel"]
[Black "Arbakov, Valentin"]
[Result "0-1"]
[WhiteElo "2320"]
[BlackElo "2455"]

1.e4 c5 2.Nf3 d6 3.d4 cxd4 4.Nxd4 Nf6 5.Nc3 a6 6.Be3 e6 7.Qd2 b5 8.f3 Bb7
9.g4 h6 10.O-O-O Nbd7 11.Bd3 b4 12.Nce2 d5 13.exd5 Nxd5 14.Nf4 Nxf4 15.Bxf4 Nc5
16.Kb1 Qb6 17.Rhe1 O-O-O 18.Qf2 Nxd3 19.Rxd3 Bc5 20.Be3 Rd5 21.Nb3 Bxe3 22.Rdxe3 Kb8
23.f4 Rhd8 24.f5 e5 25.Nc1 f6 26.Nd3 a5 27.b3 Ba6 28.Qg3 a4 29.bxa4 b3 30.axb3 Bxd3
31.Kb2 Bxc2 32.Kxc2 Rd2+ 33.Kb1 Qc5 34.Rc3 Qa3 35.Rc2 Rxc2 36.Kxc2 Qa2+ 37.Kc3 Qd2+
38.Kc4 Rd4+ 39.Kb5 Rb4+  0-1

[Event "CZE-chJ"]
[Site "Cesky Brod"]
[Date "1996.??.??"]
[Round "?"]
[White "Jirovsky, Petr"]
[Black "Civin, Tomas"]
[Result "1-0"]
[WhiteElo "2295"]
[BlackElo "2275"]

1.e4 c5 2.Nf3 d6 3.d4 cxd4 4.Nxd4 Nf6 5.Nc3 a6 6.Be3 e5 7.Nb3 Be6 8.f3 Be7
9.Qd2 O-O 10.O-O-O a5 11.a4 Nc6 12.g4 Nb4 13.g5 Nh5 14.Kb1 Rc8 15.Rg1 Qc7
16.Qf2 d5 17.Nxd5 Bxd5 18.exd5 Qd6 19.Bd3 Qd7 20.Bb5 Qd6 21.Rd2 f5 22.Nxa5 e4
23.f4 Nxd5 24.c4 Qb4 25.cxd5 Qxa5 26.d6 Bd8 27.d7 Ra8 28.Bc5 Rf7 29.Rc1 b6
30.Ba3 g6 31.Rc8 h6 32.Bc6  1-0

[Event "Capablanca mem-B"]
[Site "Cienfuegos"]
[Date "1996.??.??"]
[Round "5"]
[White "Diaz, Joaquin C"]
[Black "Herrera, Irisberto"]
[Result "0-1"]
[WhiteElo "2410"]
[BlackElo "2420"]

1.e4 c5 2.Nf3 d6 3.d4 cxd4 4.Nxd4 Nf6 5.Nc3 a6 6.Be3 e5 7.Nb3 Be6 8.Qd2 Nbd7
9.f3 b5 10.g4 Nb6 11.g5 Nfd7 12.Nd5 Rc8 13.Na5 Nxd5 14.exd5 Bxd5 15.Qxd5 Qxa5+
16.c3 Be7 17.a4 O-O 18.Bd3 Qd8 19.h4 Nc5 20.Bf5 Nxa4 21.Bxc8 Qxc8 22.Ra2 Qf5
23.Kd2 g6 24.b3 Nc5 25.Bxc5 dxc5 26.Rxa6 Qc8 27.Qc6 Qf5 28.Qe4 Rd8+ 29.Kc2 Qd7
30.Rc1 b4 31.Ra8 Qd2+ 32.Kb1 bxc3 33.Rxd8+ Bxd8 34.Qc2 Ba5 35.Rd1 Qe3 36.Rd5 Bb4
37.Rd3 Qe1+ 38.Rd1 Qxh4 39.Qg2 Qf4 40.Rd3 Kg7 41.Kc2 c4 42.bxc4 Qxc4 43.Kb1 Qxd3+  0-1

[Event "Capablanca mem-C"]
[Site "Cienfuegos"]
[Date "1996.??.??"]
[Round "13"]
[White "Perez, Rodney"]
[Black "Ribeiro, Fernando"]
[Result "0-1"]
[WhiteElo "2405"]
[BlackElo "2325"]

1.e4 c5 2.Nf3 d6 3.d4 cxd4 4.Nxd4 Nf6 5.Nc3 a6 6.Be3 e5 7.Nb3 Be6 8.Qd2 Nbd7
9.f3 b5 10.g4 h6 11.O-O-O Nb6 12.Qf2 Nfd7 13.Kb1 Be7 14.h4 Qc7 15.Rg1 g6
16.Nd5 Bxd5 17.exd5 h5 18.g5 Nc4 19.Bc1 O-O 20.Bh3 Ndb6 21.f4 exf4 22.Qxf4 Rfe8
23.Qf3 Bf8 24.Nd4 Bg7 25.Rgf1 Ne5 26.Qb3 Qc4 27.Bg2 Rac8 28.Rf4 Qc5 29.Nc6 Nbc4
30.Rdf1 Rc7 31.Re1 a5 32.Be3 Nxc6 33.Be4 Bd4  0-1

[Event "CZE-chT 9596"]
[Site "?"]
[Date "1996.??.??"]
[Round "3"]
[White "Rasik, Vitezslav"]
[Black "Bakalar, Petr"]
[Result "1-0"]
[WhiteElo "2430"]
[BlackElo "2355"]

1.e4 c5 2.Nf3 d6 3.d4 cxd4 4.Nxd4 Nf6 5.Nc3 a6 6.Be3 e6 7.f3 Qc7 8.g4 h6
9.h4 Nc6 10.Qd2 Bd7 11.O-O-O g6 12.Rg1 Ne5 13.g5 hxg5 14.Bxg5 Nh7 15.Be3 Nc4
16.Bxc4 Qxc4 17.h5 gxh5 18.Rh1 Nf6 19.Bg5 Ng8 20.Rhe1 f6 21.Bh4 O-O-O 22.Kb1 Kb8
23.f4 Be7 24.f5 e5 25.Nb3 Bc6 26.Bf2 Be8 27.Qe3  1-0

[Event "CZE-chT2c 9596"]
[Site "CZE"]
[Date "1996.??.??"]
[Round "7"]
[White "Biolek, Richard"]
[Black "David, Pavel"]
[Result "1/2-1/2"]
[WhiteElo "2455"]
[BlackElo "2445"]

1.e4 c5 2.Nf3 d6 3.d4 cxd4 4.Nxd4 Nf6 5.Nc3 a6 6.Be3 e6 7.f3 b5 8.Qd2 Nbd7
9.g4 Nb6 10.g5 Nfd7  1/2-1/2

[Event "CZE-chT2c 9596"]
[Site "CZE"]
[Date "1996.??.??"]
[Round "9"]
[White "Simacek, Pavel"]
[Black "Sobek, Jaroslav"]
[Result "1-0"]
[WhiteElo "2125"]
[BlackElo "2290"]

1.e4 c5 2.Nf3 d6 3.d4 cxd4 4.Nxd4 Nf6 5.Nc3 a6 6.Be3 e5 7.Nf3 Qc7 8.a4 Be6
9.Ng5 Bc4 10.Bxc4 Qxc4 11.Qe2 Qc6 12.f3 h6 13.Nh3 d5 14.exd5 Nxd5 15.Bd4 f6
16.f4 Bc5 17.Bxc5 Nxc3 18.Qh5+ Kd8 19.bxc3 Qxc5 20.O-O-O+ Nd7 21.Qg4 Qa3+
22.Kb1 Qxa4 23.Rxd7+ Qxd7 24.Rd1 Qxd1+ 25.Qxd1+ Kc7 26.fxe5 fxe5 27.Qd5 Rae8
28.Nf2 Re7 29.Ne4 Rd8 30.Qc5+ Kd7 31.Nd6 Ke6 32.Nc4 Rd5 33.Qb6+ Kf7 34.Nd6+ Kf6
35.Nc8+ Re6 36.Qf2+ Kg6 37.Qg3+ Kh7 38.Qg4 Rb5+ 39.Kc1 Rf6 40.Ne7  1-0

[Event "CZE-chT2c 9596"]
[Site "CZE"]
[Date "1996.??.??"]
[Round "10"]
[White "Firt, Stanislav"]
[Black "Sobek, Jaroslav"]
[Result "1-0"]
[WhiteElo "2390"]
[BlackElo "2290"]

1.e4 c5 2.Nf3 d6 3.d4 cxd4 4.Nxd4 Nf6 5.Nc3 a6 6.Be3 e6 7.g4 e5 8.Nf5 g6
9.g5 gxf5 10.exf5 d5 11.Qf3 d4 12.O-O-O Nbd7 13.Bxd4 exd4 14.Rxd4 Bc5 15.Rd2 O-O
16.gxf6 Qxf6 17.Rg1+ Kh8 18.Ne4 Qe7 19.f6 Nxf6 20.Nxc5 Bg4 21.Qe3 Rae8 22.Qxe7 Rxe7
23.Bg2 Bc8 24.Bf3 b6 25.Rd6 bxc5 26.Rxf6 Be6 27.Rf4 Rb8 28.Ra4 Rb6 29.Be2 Bxa2
30.Bxa6 Be6 31.Bd3 Rb8 32.Rg5 Rc7 33.b3 f6 34.Rg3 Bg8 35.Rf4 Rf8 36.Kb2 Be6
37.Kc3 Rg7 38.Re4 Bd5 39.Rxg7 Kxg7 40.Rg4+ Kh8 41.Rh4 f5 42.Rf4 Be6 43.Bc4 Bd7
44.Bd5 Kg7 45.Rh4 Kg6 46.Kc4 h6 47.f4 Re8 48.Rh3 Re2 49.c3 Rf2 50.Kxc5 Rxf4
51.Kd6 Bb5 52.c4 Ba6 53.Rg3+ Kf6 54.Rg8  1-0

[Event "Eislingen team U26"]
[Site "Eislingen"]
[Date "1996.??.??"]
[Round "3"]
[White "Wege, Jochen"]
[Black "Froehlich, Peter"]
[Result "1-0"]
[WhiteElo "2240"]
[BlackElo "2275"]

1.e4 c5 2.Nf3 d6 3.d4 cxd4 4.Nxd4 Nf6 5.Nc3 a6 6.Be3 Ng4 7.Bg5 h6 8.Bh4 g5
9.Bg3 Bg7 10.Be2 h5 11.h4 gxh4 12.Bxh4 Nc6 13.Nb3 Be6 14.Qd2 a5 15.f3 Nge5
16.Bf2 Nc4 17.Bxc4 Bxc4 18.Qg5 Bf6 19.Rxh5 Kd7 20.Qf5+ e6 21.Qh3 a4 22.Nd2 a3
23.Nxc4 axb2 24.Rd1 Bxc3+ 25.Ke2 Bd4 26.Bxd4 Nxd4+ 27.Rxd4 b1=Q 28.Rxd6+ Kc7
29.Rc5+  1-0

[Event "RUS-ch"]
[Site "Elista"]
[Date "1996.??.??"]
[Round "2"]
[White "Korneev, Oleg"]
[Black "Nevostrujev, Vladimir"]
[Result "1/2-1/2"]
[WhiteElo "2565"]
[BlackElo "2405"]

1.e4 c5 2.Ne2 d6 3.d4 cxd4 4.Nxd4 Nf6 5.Nc3 a6 6.Be3 e5 7.Nf3 Qc7 8.a4 Be7
9.Be2 O-O 10.O-O Be6 11.a5 Nbd7 12.Ng5 Bc4 13.Bxc4 Qxc4 14.Qd3 Rac8 15.Nf3 d5
16.Qxc4 Rxc4 17.exd5 Rfc8 18.Nd2 Rb4 19.Nb3 Ne8 20.d6 Bxd6 21.Rfd1 Ndf6 22.Rd2 Rbc4
23.Re2 Bb4 24.Bd2 e4 25.h3 Bxc3 26.Bxc3 Nd5 27.Bd4 f5  1/2-1/2

[Event "Eupen op"]
[Site "Eupen"]
[Date "1996.??.??"]
[Round "?"]
[White "Lanka, Zigurds"]
[Black "Ostojic, Predrag"]
[Result "1-0"]
[WhiteElo "2510"]
[BlackElo "2320"]

1.e4 c5 2.Nf3 d6 3.d4 cxd4 4.Nxd4 Nf6 5.Nc3 a6 6.Be3 e5 7.Nb3 Be6 8.f3 Nbd7
9.g4 h6 10.Qd2 Be7 11.O-O-O Rc8 12.h4 Nb6 13.Qf2 Nfd7 14.Nd5 Bxd5 15.exd5 Nc4
16.Bxc4 Rxc4 17.Kb1 h5 18.Nd2 Rc8 19.Ne4 Qc7 20.Bg5 Nc5 21.Ng3 Bxg5 22.hxg5 h4
23.Nh5 g6 24.Nf6+ Ke7 25.f4 Qb6 26.fxe5 Na4 27.exd6+ Kd8 28.Qxb6+ Nxb6 29.Rde1 Rc5
30.Rxh4 Rf8 31.Rh7 Nxd5 32.Rxf7 Rh8 33.Rfe7  1-0

[Event "Troll Masters"]
[Site "Gausdal"]
[Date "1996.??.??"]
[Round "5"]
[White "Rogers, Ian"]
[Black "Coleman, David"]
[Result "1-0"]
[WhiteElo "2580"]
[BlackElo "2255"]

1.e4 c5 2.Nf3 d6 3.d4 cxd4 4.Nxd4 Nf6 5.Nc3 a6 6.Be3 e5 7.Nb3 Be6 8.Be2 Be7
9.O-O O-O 10.f3 Nbd7 11.a4 Rc8 12.a5 Qc7 13.Rf2 Rfd8 14.Bf1 d5 15.exd5 Nxd5
16.Nxd5 Bxd5 17.Qxd5 Nf6 18.Qc4 Qxc4 19.Bxc4 Rxc4 20.Re2 Nd5 21.Bf2 Nf4 22.Rxe5 Bd6
23.Rd1 f6 24.Re4 Rxc2 25.Rxf4 Rxb2 26.Rfd4 Rxb3 27.h3  1-0

[Event "Geneve op"]
[Site "Geneve"]
[Date "1996.??.??"]
[Round "2"]
[White "Landenbergue, Claude"]
[Black "Palac, Mladen"]
[Result "1-0"]
[WhiteElo "2430"]
[BlackElo "2545"]

1.e4 c5 2.Nf3 d6 3.d4 cxd4 4.Nxd4 Nf6 5.Nc3 a6 6.Be3 e6 7.g4 h6 8.Qf3 Nbd7
9.Qh3 Nc5 10.Bg2 e5 11.Nf5 g6 12.O-O-O gxf5 13.Bxc5 fxg4 14.Qe3 Be6 15.h3 Rc8
16.Bb6 Qd7 17.hxg4 Qc6 18.f3 Nd7 19.Ba7 b6 20.g5 Qc7 21.Bh3 Qxa7 22.Rdg1 h5
23.Kb1 Rg8 24.Nd5 Rc5 25.Qd3 b5 26.Ne3 Be7 27.g6 Nf6 28.g7 Kd8 29.Bf5 Ne8
30.Rxh5 Rxg7 31.Rgh1 Bg5 32.Rh8 Bxe3 33.Qxd6+ Qd7 34.Rxe8+  1-0

[Event "Geneve op"]
[Site "Geneve"]
[Date "1996.??.??"]
[Round "3"]
[White "Frank, Albert"]
[Black "Kraft, Volker"]
[Result "1-0"]
[WhiteElo "2065"]
[BlackElo "2250"]

1.e4 c5 2.Nf3 d6 3.d4 cxd4 4.Nxd4 Nf6 5.Nc3 a6 6.Be3 e5 7.Nde2 Be7 8.Ng3 Qc7
9.Nh5 Nxh5 10.Nd5 Qc6 11.Qxh5 Bd8 12.O-O-O Be6 13.Bg5 Bxd5 14.Rxd5 Bc7 15.f3 Nd7
16.Be2 Nf8 17.Rhd1 Ne6 18.Be3 Rc8 19.R1d3 O-O 20.Rc3 Qd7 21.Qxe5 Qa4 22.Qg3 Ba5
23.Rb3 Qxa2 24.Ra3 Rxc2+ 25.Kxc2 Rc8+ 26.Rc5 Nxc5 27.Rxa2 Nxe4+ 28.Kd3 Nxg3
29.hxg3  1-0

[Event "Geneve op"]
[Site "Geneve"]
[Date "1996.??.??"]
[Round "6"]
[White "Frank, Albert"]
[Black "Petit, Rene"]
[Result "1/2-1/2"]
[WhiteElo "2065"]
[BlackElo "2120"]

1.e4 c5 2.Nf3 d6 3.d4 cxd4 4.Nxd4 Nf6 5.Nc3 a6 6.Be3 e6 7.Be2 Be7 8.f4 Nc6
9.O-O Qc7 10.Qe1 Nxd4 11.Bxd4 e5 12.Be3 Be6 13.Rd1 O-O 14.f5 Bc4 15.Bxc4 Qxc4
16.Bg5 h6 17.Bxf6 Bxf6 18.Kh1 Rfd8 19.Nd5 Qxc2 20.Rd2 Qc6 21.Rd3 Rac8 22.Rc3 Qb5
23.Rb3 Qc6 24.Rb6 Qd7 25.Qg3 Kh7 26.Qb3 Rb8 27.Rd1 Be7 28.h3 Rdc8 29.Nxe7 Qxe7
30.Rbxd6 Rc7 31.f6 gxf6 32.Qb6 Rg8 33.Rxf6 Rg6 34.Rdf1 Rxf6 35.Rxf6 Kg7 36.Rf5 Rc6
37.Qb3 Rg6 38.Qc3 f6 39.Rf3 Kh7 40.Rd3 Rg7 41.Qc8 Qf7 42.Rd8 Qh5 43.Rh8+ Kg6
44.Qe8+ Kg5 45.Qe6 Kg6 46.Rf8 Qd1+ 47.Kh2 Qf1  1/2-1/2

[Event "Geneve op"]
[Site "Geneve"]
[Date "1996.??.??"]
[Round "9"]
[White "Anka, Emil"]
[Black "Gallagher, Joseph G"]
[Result "0-1"]
[WhiteElo "2405"]
[BlackElo "2525"]

1.e4 c5 2.Nf3 d6 3.d4 cxd4 4.Nxd4 Nf6 5.Nc3 a6 6.Be3 e5 7.Nb3 Be6 8.f3 Be7
9.Qd2 O-O 10.O-O-O b5 11.g4 b4 12.Nd5 Bxd5 13.exd5 a5 14.Kb1 Qc7 15.g5 Nfd7
16.Qd3 Rc8 17.Bh3 a4 18.Nd2 Na6 19.Ne4 b3 20.c3 bxa2+ 21.Ka1 Rcb8 22.Bxd7 Qxd7
23.f4 exf4 24.Bxf4 Rb3 25.Qc4 Nc7 26.Rhg1 Rab8 27.Nf6+ Bxf6 28.gxf6 g6 29.Qc6 Qf5
30.Rg2 a3 31.Qxc7 axb2+ 32.Rxb2 Rxb2  0-1

[Event "Geneve op"]
[Site "Geneve"]
[Date "1996.??.??"]
[Round "9"]
[White "Landenbergue, Claude"]
[Black "Maksimenko, Andrei"]
[Result "0-1"]
[WhiteElo "2430"]
[BlackElo "2545"]

1.e4 c5 2.Nf3 d6 3.d4 cxd4 4.Nxd4 Nf6 5.Nc3 a6 6.Be3 e6 7.g4 d5 8.exd5 Nxd5
9.Nxd5 Qxd5 10.Rg1 Be7 11.Qd3 O-O 12.Bg2 Qa5+ 13.Bd2 Qe5+ 14.Be3 Qa5+ 15.Bd2 Qc7
16.O-O-O Nd7 17.h4 Rd8 18.g5 Nc5 19.Qc3 e5 20.Nb3 Bg4 21.Bxb7 Qxb7 22.Rxg4 Rac8
23.Nxc5 Rxc5 24.Rc4 Qd5 25.b3 Rxc4 26.bxc4 Qc5 27.Rf1 Rd4 28.Be3 Qxc4 29.Qxc4 Ba3+
30.Kb1 Rxc4 31.c3 Rxc3 32.Rd1 f5 33.h5 f4 34.Rd8+ Kf7 35.Bd2 Rh3 36.Rd7+ Ke6
37.Rxg7 Rxh5 38.g6 hxg6 39.Rxg6+ Kf5 40.Rxa6 Bc5 41.f3 Rh2 42.Bc1 Rf2 43.Ra5 Bd4
44.Ra3 Ke6 45.Rb3 Kd5 46.Ra3 Kc4 47.Rb3 Bc3  0-1

[Event "BL2-S9596"]
[Site "Germany"]
[Date "1996.??.??"]
[Round "?"]
[White "Arnold, Lothar"]
[Black "Luft, Andreas"]
[Result "1/2-1/2"]
[WhiteElo "2385"]
[BlackElo "2325"]

1.e4 c5 2.Nf3 d6 3.d4 cxd4 4.Nxd4 Nf6 5.Nc3 a6 6.Be3 Ng4 7.Bg5 h6 8.Bh4 g5
9.Bg3 Bg7 10.Be2 h5 11.h4 Nc6 12.Nb3 gxh4 13.Rxh4 Be6 14.Qd2 Qb6 15.Nd5 Bxd5
16.exd5 Nce5 17.O-O-O Bh6 18.f4 Qe3 19.Qxe3 Nxe3 20.fxe5 Nf5+ 21.Kb1 Nxg3
22.exd6 Bg5 23.Rb4 Nxe2 24.dxe7 Bxe7 25.d6 O-O-O 26.Rc4+ Kb8 27.Re4 Rxd6
28.Rxd6 Nc3+ 29.bxc3 Bxd6 30.Kc1 Rg8 31.Re2 f6 32.Kd2 Rg3 33.Rf2 Be5 34.Nd4 Kc7
35.Ne2 Rg4 36.Kd3 Ra4 37.Nd4 Rxa2 38.Rf5 h4 39.Nf3 Ra4 40.Nxe5 fxe5 41.Rxe5 Rg4
42.Rh5 b5 43.Rh7+ Kb6 44.Rh6+ Ka5 45.Ke3 Rg3+ 46.Kd4 Rxg2 47.Rxh4 Rd2+ 48.Ke3 Rd6
49.Rd4 Rxd4 50.cxd4 Kb6 51.Kd3 a5 52.c4  1/2-1/2